| 000 | 00633nam a22001817a 4500 | ||
|---|---|---|---|
| 999 |
_c166964 _d166964 |
||
| 010 | _aENG-126190 | ||
| 020 |
_a978-93-86761-40-8 _c1695.00 |
||
| 035 | _aEN-109722 | ||
| 037 | _bDBAD/PUB | ||
| 082 | _a720.917671 | ||
| 100 | _aMunsuri,Shahida | ||
| 245 |
_aIslamic Architecture/ _cby Shahida Munsuri |
||
| 260 |
_aNew Delhi _bAne Books Pvt.Ltd. _c2017 |
||
| 270 |
_a4821,Parwana Bhawan 1st Floor 24 Ansari Road, Darya Ganj _bNew Delhi _e110002 _k+91(011)23276843,2814209 _manebookschennai.com |
||
| 300 |
_av264p. _b24cm(hb) |
||
| 500 | _ait Includes Index and Bibliography | ||
| 942 |
_2ddc _cEN _h720.917671 _mMUN |
||